|
|
|
|
| LEADER |
01451nam a2200409 a 4500 |
| 001 |
EBC353441 |
| 003 |
MiAaPQ |
| 005 |
20200520144314.0 |
| 006 |
m o d | |
| 007 |
cr cn||||||||| |
| 008 |
071220s2008 njua s 001 0 eng |
| 010 |
|
|
|z 2007051407
|
| 015 |
|
|
|a GBA822429
|2 bnb
|
| 016 |
7 |
|
|z 014530654
|2 Uk
|
| 020 |
|
|
|z 9780470222904 (cloth)
|
| 020 |
|
|
|z 0470222905 (cloth)
|
| 035 |
|
|
|a (MiAaPQ)EBC353441
|
| 035 |
|
|
|a (Au-PeEL)EBL353441
|
| 035 |
|
|
|a (CaPaEBR)ebr10296622
|
| 035 |
|
|
|a (CaONFJC)MIL138176
|
| 035 |
|
|
|a (OCoLC)236217925
|
| 040 |
|
|
|a MiAaPQ
|c MiAaPQ
|d MiAaPQ
|
| 050 |
|
4 |
|a HD38.2
|b .S457 2008
|
| 082 |
0 |
4 |
|a 658.4/093
|2 22
|
| 100 |
1 |
|
|a Seldman, Marty.
|
| 245 |
1 |
0 |
|a Executive stamina
|h [electronic resource] :
|b how to optimize time, energy, and productivity to achieve peak performance /
|c Marty Seldman and Joshua Seldman.
|
| 260 |
|
|
|a Hoboken, N.J. :
|b John Wiley & Sons,
|c c2008.
|
| 300 |
|
|
|a xiii, 306 p. :
|b ill.
|
| 500 |
|
|
|a Includes index.
|
| 533 |
|
|
|a Electronic reproduction. Ann Arbor, MI : ProQuest, 2015. Available via World Wide Web. Access may be limited to ProQuest affiliated libraries.
|
| 650 |
|
0 |
|a Executive ability.
|
| 650 |
|
0 |
|a Management.
|
| 650 |
|
0 |
|a Career development.
|
| 655 |
|
4 |
|a Electronic books.
|
| 700 |
1 |
|
|a Seldman, Joshua,
|d 1977-
|
| 710 |
2 |
|
|a ProQuest (Firm)
|
| 856 |
4 |
0 |
|u https://ebookcentral.proquest.com/lib/matrademy/detail.action?docID=353441
|z Click to View
|